Loading...
| History - Other | 0 | 2 | 0 | 0 | 20 | 90 | 114.50 | 1 | 1 | 2.51 | 13.64 |
| Science - Other | 0 | 2 | 0 | 2 | 20 | 112 | 116.50 | 0 | 1 | 0.00 | 2.27 |
| Fine Arts - Painting and Sculpture | 0 | 2 | 0 | 0 | 20 | 102 | 105.00 | 0 | 0 | 3.48 | 3.41 |
| History - World | 0 | 3 | 2 | 1 | 20 | 67 | 99.33 | 0 | 1 | 7.36 | 10.23 |
| Science - Biology | 0 | 3 | 3 | 1 | 15 | 73 | 91.67 | 0 | 1 | 5.69 | 13.64 |
| Religion | 0 | 1 | 0 | 0 | 10 | 77 | 77.00 | 1 | 1 | 3.87 | 9.09 |
| Other Academic | 0 | 1 | 0 | 0 | 10 | 101 | 101.00 | 0 | 1 | 3.60 | 18.75 |
| Philosophy | 0 | 1 | 0 | 1 | 10 | 117 | 117.00 | 0 | 0 | 0.00 | 1.14 |
| Literature - American | 0 | 1 | 0 | 0 | 10 | 152 | 152.00 | 0 | 0 | 0.00 | 1.14 |
| Literature - British | 0 | 1 | 0 | 0 | 10 | 135 | 135.00 | 0 | 0 | 1.02 | 4.55 |
| Fine Arts - Classical Music | 0 | 1 | 0 | 0 | 10 | 123 | 123.00 | 0 | 0 | 0.81 | 4.55 |
| Mythology | 0 | 1 | 0 | 1 | 10 | 138 | 138.00 | 0 | 0 | 0.00 | 1.14 |
| History - European | 0 | 1 | 1 | 0 | 5 | 69 | 69.00 | 1 | 1 | 3.99 | 6.82 |
| Social Science | 0 | 1 | 1 | 0 | 5 | 107 | 107.00 | 0 | 0 | 1.72 | 4.55 |
| Science - Physics | 0 | 0 | 0 | 0 | 0 | 0.00 | 0 | 0 | 0.00 | 0.00 | |
| Literature - World | 0 | 0 | 0 | 0 | 0 | 0.00 | 0 | 0 | 0.00 | 0.00 | |
| Literature - European | 0 | 0 | 1 | 0 | -5 | 0.00 | 0 | 0 | 0.00 | 0.00 | |
| History - American | 0 | 0 | 1 | 0 | -5 | 0.00 | 0 | 0 | 0.00 | 0.00 | |
| Current Events | 0 | 0 | 1 | 0 | -5 | 0.00 | 0 | 0 | 0.00 | 0.00 |